Quizzes
Events
Quiz Creation
Community
Videos
Private Events
Remove Ads
Sign In
Join for FREE
Feedback
Dark Mode
Quiz Categories
Sports
Geography
Music
Movies
Television
Just For Fun
Miscellaneous
History
Literature
Language
Science
Gaming
Entertainment
Religion
Holiday
For Kids
Quiz Lab
Recent
Popular Today
Quiz Kudos Today
Editor Picks
Curator Picks
Quizzes by...
Day
Popularity
Type
Ratings
Length
Year
Community
Subscriptions
Recent Discussions
Orange Saloon
Badges
Playlists
Quests
Create
Leaderboards
Showdown
Live 5
Trivia Bingo
Activity
Puzzle Library
Sporcle Events
Private Events
Virtual Trivia
Globe League
Become a Host
Pub Owners
SporcleCon
Opinionation
Our Games
Videos
Blog
Mobile Apps
Partnerships
Remove Ads and Go Orange
Feedback
Television
TV Characters
TV Show
Sitcom
Network
Friends
Reality Shows
Cast
South Park
Star Trek
The Simpsons
Doctor Who
Television
TV Characters
TV Show
Sitcom
Network
Friends
Reality Shows
Cast
South Park
Star Trek
The Simpsons
Doctor Who
Random Quiz
Search Sporcle
×
Quiz Lab
Quiz Lab
Television
Award
Type in answers that appear in a list
Type in answers that appear in a list
Classic
Best Score? Go Orange.
SAG Award for Actress in a Comedy Series Stats
Can you name the SAG Award for Outstanding Performance by a Female Actor in a Comedy Series?
By
buckeyerj
10m
116 Questions
165 Plays
165 Plays
165 Plays
Comments
Comments
Give Quiz Kudos
Give Quiz Kudos
-
- Ratings
hide this ad
More Info
Replay
Link that replays current quiz
Next Quiz
Link to next quiz in quiz playlist
You Got
0%
They Got
Avg Score
81%
Avg Friend Score
Upgrade to see
Score Distribution
Jump to the score distribution portion of the page
Score
0/116
Timer
10:00
0
Plays Today
Year
Answer
% Correct
2002
Jennifer Aniston
98.2%
2003
Jennifer Aniston
98.2%
1995
Julia Louis-Dreyfus
97.6%
2000
Sarah Jessica Parker
97.6%
2001
Sarah Jessica Parker
97.6%
2002
Sarah Jessica Parker
97.6%
2005
Sarah Jessica Parker
97.6%
2006
Mary-Louise Parker
96.4%
2007
Mary-Louise Parker
96.4%
2008
Mary-Louise Parker
96.4%
2009
Mary-Louise Parker
96.4%
1995
Ellen DeGeneres
95.8%
1997
Ellen DeGeneres
95.8%
1998
Ellen DeGeneres
95.8%
2008
Tina Fey
95.2%
2009
Tina Fey
95.2%
2010
Tina Fey
95.2%
2011
Tina Fey
95.2%
2012
Tina Fey
95.2%
2013
Tina Fey
95.2%
2014
Tina Fey
95.2%
1996
Lisa Kudrow
94.5%
1999
Lisa Kudrow
94.5%
2000
Lisa Kudrow
94.5%
2004
Lisa Kudrow
94.5%
1995
Roseanne Barr
93.9%
1995
Helen Hunt
90.9%
1996
Helen Hunt
90.9%
1996
Julia Louis-Dreyfus
90.9%
1997
Helen Hunt
90.9%
1997
Julia Louis-Dreyfus
90.9%
1998
Helen Hunt
90.9%
1998
Julia Louis-Dreyfus
90.9%
1999
Julia Louis-Dreyfus
90.9%
2007
Julia Louis-Dreyfus
90.9%
2010
Julia Louis-Dreyfus
90.9%
2013
Amy Poehler
90.9%
2014
Julia Louis-Dreyfus
90.9%
2015
Julia Louis-Dreyfus
90.9%
Year
Answer
% Correct
2015
Amy Poehler
90.9%
2016
Julia Louis-Dreyfus
90.9%
2016
Amy Poehler
90.9%
2017
Julia Louis-Dreyfus
90.9%
2001
Debra Messing
90.3%
2004
Debra Messing
90.3%
1999
Tracey Ullman
87.9%
2000
Tracey Ullman
87.9%
2009
Tracey Ullman
87.9%
2006
Felicity Huffman
87.3%
2007
America Ferrera
87.3%
2007
Felicity Huffman
87.3%
2008
America Ferrera
87.3%
2009
America Ferrera
87.3%
2010
Edie Falco
86.7%
2011
Edie Falco
86.7%
2012
Edie Falco
86.7%
2013
Edie Falco
86.7%
2014
Edie Falco
86.7%
2015
Edie Falco
86.7%
2016
Edie Falco
86.7%
2011
Betty White
83%
2012
Betty White
83%
2013
Betty White
83%
1995
Candice Bergen
81.2%
1996
Candice Bergen
81.2%
2006
Candice Bergen
81.2%
1998
Calista Flockhart
80.6%
1999
Calista Flockhart
80.6%
2000
Calista Flockhart
80.6%
2001
Calista Flockhart
80.6%
2011
Sofia Vergara
79.4%
2012
Sofia Vergara
79.4%
2013
Sofia Vergara
79.4%
2008
Christina Applegate
78.2%
2009
Christina Applegate
78.2%
2010
Christina Applegate
78.2%
2017
Jane Fonda
78.2%
2017
Lily Tomlin
77%
Year
Answer
% Correct
2010
Toni Collette
75.8%
2002
Patricia Heaton
75.2%
2003
Patricia Heaton
75.2%
2004
Patricia Heaton
75.2%
2005
Patricia Heaton
75.2%
2006
Patricia Heaton
75.2%
2001
Megan Mullally
74.5%
2002
Megan Mullally
74.5%
2003
Megan Mullally
74.5%
2004
Megan Mullally
74.5%
2005
Megan Mullally
74.5%
2006
Megan Mullally
74.5%
2007
Megan Mullally
74.5%
2011
Jane Lynch
72.1%
2012
Julie Bowen
71.5%
2014
Julie Bowen
71.5%
2015
Julie Bowen
71.5%
2002
Kim Cattrall
70.3%
2003
Kim Cattrall
70.3%
2005
Teri Hatcher
70.3%
2016
Ellie Kemper
68.5%
2017
Ellie Kemper
68.5%
2004
Doris Roberts
65.5%
2005
Doris Roberts
65.5%
1998
Kirstie Alley
63%
2008
Vanessa Williams
62.4%
2014
Mayim Bialik
58.2%
1996
Christine Baranski
57.6%
1997
Christine Baranski
57.6%
2001
Jane Kaczmarek
57%
2003
Jane Kaczmarek
57%
2015
Uzo Aduba
57%
2016
Uzo Aduba
57%
2017
Uzo Aduba
57%
1997
Kirsten Johnston
50.3%
2000
Lucy Liu
43.6%
2007
Jaime Pressly
43.6%
1999
Amy Pietz
12.7%
Quiz Playlist
Details
Report
Send in Message
Add To Playlist
More Info:
**denotes winner
Classic:
Type in answers that appear in a list
Last Updated: Aug 4, 2017
Quiz Scoreboard
CHALLENGE
Sign Up to Join the Scoreboard
Show All
Scores
Hide
Comments
May contain spoilers
Recently Published
Street Fighter Characters
by Artimus82
Gaming
60s
9x9 Crossword: Cartoon Network
by jackfrog10
Miscellaneous
3m
College Basketball Coaching Resumes
by pancakes188
Sports
9m
More to Explore
Quiz From the Vault
Featured Blog Post
Where Did the Easter Bunny Come From?
hide this ad
You Might Also Like...
Tags
Award
Award Shows
Today's Top Quizzes in Television
Browse Television
hide this ad
Today's Top Quizzes in Award
Browse Award
Top Contributed Quizzes in Television
1
5-to-1: The Simpsons Families
2
5-to-1: Television Doctors
3
Adjectives in 80s TV Shows
4
Adjectives in 00s TV Shows
5
7-to-1: TV Show Settings
6
Adjectives in 10s TV Shows
7
Survivor Journey Challenge
8
5-to-1: Streaming Originals
9
Survivor Seasons
10
One Piece Logic Puzzle
Explore More
Trending Topics
Marvel
Kpop
NBA
Harry Potter
Disney
Anime
Crossword
Country
Pokémon
WWE
Song
The Office
Soccer
NFL
Puzzle
hide this ad
More By:
buckeyerj
Quiz
Plays
Rating
Category
Featured
Created
SAG Awards Supporting Actress Nominees
270
5.00
Movies
Jul 27, 2017
SAG Award for Actress in a Comedy Series
165
4.33
Television
Jul 25, 2017
SAG Award for Actor in a Comedy Series
162
5.00
Television
Jul 25, 2017
SAG Award for Actress in a Drama Series
161
5.00
Television
Jul 25, 2017
Black Academy Award Nominees
156
5.00
Movies
Aug 3, 2017
Go to Creator's Profile
Score Distribution
Quiz Creator Spotlight
buckeyerj
Follow
Send a Message
Quizzes Created
-
Created Quiz Play Count
-
More By This Creator
Popular Quizzes Today
1
Find the US States - No Outlines Minefield
2
Find the Countries of Europe - No Outlines Minefield
3
The Countries of the World
4
Find the US States
5
Risky Map Clicking: Biggest States A-Z
6
US States
7
Popular People in 1961
8
Movies - When Are They Set?
More Television Quizzes
Quick Pick: One Name TV Characters
Curator's Pick
Trending Quizzes
Risky Map Clicking: Least Populous States A-Z
1-10 Letter G Words
Risky Map Clicking: Next State Alphabetically
Adjectives in 80s TV Shows
The Seven Year Switch: Catherine
Recently Updated
Leaping Animals
pecheneg
Reality TV Shows (A-Z)
bhenderson79
Rickey Henderson's Hall of Fame Teammates
pecheneg
Champions League XIs: Arsenal
pecheneg
Quick Pick: Celebrities in WWE's Hall of Fame
aduchscher
A-Z Keypad Blitz II
pecheneg
Multiple Oscar Actors
pecheneg
Mystery Phrase Blitz: Oscar 'Best Actors'
pecheneg
F. Scott Fitzgerald Novels
LTH
Pick 3 Villains
ddd62291
Trending Topics
NBA
Marvel
Crossword
Anime
Disney
Kpop
Harry Potter
Puzzle
WWE
Country
Song
Soccer
NFL
Pokémon
The Office
Your Account Isn't Verified!
In order to create a playlist on Sporcle, you need to verify the email address you used during registration. Go to your
Sporcle Settings
to finish the process.
Report this User
Report this user for behavior that violates our
Community Guidelines
.
Details:
Send Report
Go to the Sporcle.com Mobile Site →
Comments